|
|
|
|
| LEADER |
00000nam0a2200000 4500 |
| 001 |
138702 |
| 005 |
20231031141525.0 |
| 010 |
|
|
|a 9789854752983
|
| 035 |
|
|
|a (RuTPU)RU\TPU\book\150280
|
| 090 |
|
|
|a 138702
|
| 100 |
|
|
|a 20080529d2008 m y0rusy50 ca
|
| 101 |
0 |
|
|a rus
|
| 102 |
|
|
|a BY
|
| 105 |
|
|
|a a j 001zy
|
| 200 |
1 |
|
|a Математика. Задачи с экономическим содержанием
|e пособие
|f С. Л. Гуринович
|
| 210 |
|
|
|a Минск
|c Новое знание
|d 2008
|
| 215 |
|
|
|a 264 с.
|c ил.
|
| 320 |
|
|
|a Список использованных источников: с. 256-261.
|
| 330 |
|
|
|a Пособие содержит около 100 задач различной сложности с подробным описанием решения и более 300 задач для самостоятельного решения с ответами к ним. Приведены краткие теоретические сведения по базовому курсу математики. Рассмотрено применение соответствующего математического аппарата в экономике. Материал пособия соответствует действующим программам по математике для ссузов. Для учащихся и преподавателей экономических специальностей ссузов, учащихся и учителей математики старших классов средних школ, лицеев, гимназий экономического профиля.
|
| 610 |
1 |
|
|a математика
|
| 610 |
1 |
|
|a учебные пособия
|
| 610 |
1 |
|
|a задачи
|
| 610 |
1 |
|
|a линейные уравнения
|
| 610 |
1 |
|
|a линейные неравенства
|
| 610 |
1 |
|
|a системы уравнений
|
| 610 |
1 |
|
|a системы неравенств
|
| 610 |
1 |
|
|a функции
|
| 610 |
1 |
|
|a дифференциальное исчисление
|
| 610 |
1 |
|
|a определенные интегралы
|
| 610 |
1 |
|
|a дифференциальные уравнения
|
| 610 |
1 |
|
|a матрицы
|
| 610 |
1 |
|
|a линейное программирование
|
| 610 |
1 |
|
|a теория вероятностей
|
| 610 |
1 |
|
|a математическая статистика
|
| 610 |
1 |
|
|a геометрические тела
|
| 610 |
1 |
|
|a объем
|
| 610 |
1 |
|
|a площади
|
| 675 |
|
|
|a 51(076)
|v 3
|
| 700 |
|
1 |
|a Гуринович
|b С. Л.
|g Светлана Леонидовна
|
| 801 |
|
1 |
|a RU
|b 63413507
|c 20080529
|g PSBO
|
| 801 |
|
2 |
|a RU
|b 63413507
|c 20150430
|g PSBO
|
| 900 |
|
|
|a Математика
|
| 900 |
|
|
|a Математическая экономика
|
| 942 |
|
|
|c BK
|
| 959 |
|
|
|a 65/20080529
|d 2
|e 126,50
|f АНЛ:1
|f ЧЗТЛ:1
|